000 01319nam0a22002891 4500
001 rc\4421362
005 20260407083211.0
021 _aRU
_b[63-41471]
035 _a(NLR Aleph) 008570343
090 _a8521473
_c8521473
100 _a20130416d1963 |||y0rusy50 ca
101 0 _arus
102 _aRU
105 _ay ac |||||
200 1 _aБиблиография Белорусской советской библиографии. 1922-1961
_eУказатель библиогр. материалов, изд. в Белорус. ССР
_fАкад. наук БССР. Фундам. б-ка им. В.Г. Белинского
210 _aМинск
_cИзд-во Акад. наук БССР
_d1963
215 _a268 с.
_d21
300 _aНа переплете авт. не указаны
608 _aБиблиография библиографии Белорусской ССР
_2psbo
700 1 _aЗбралевич
_bЛ.И.
_gЛидия Ивановна
701 1 _aФедулова
_bС.В.
_gСветлана Владимировна
712 0 2 _aАН БССР
_cМинск
_bФундаментальная библиотека им. Я. Коласа
_3RU\NLR\AUTH\889711
_9291890
801 0 _aRU
_bNLR
_gpsbo
801 1 _aRU
_bELAR
_2rusmarc
852 _aNLR
_j401Бел/З-41
942 _cBOOK
980 _aNB